British Overseas Territories - Sudden Death - Statistics

General Stats
  • This quiz has been taken 101 times
  • The average score is 10 of 14
Answers on the Grid
Answers color-coded by a green-red scale on the quiz's grid according to % correct below.
Akrotiri and Dhekelia
Anguilla
Bermuda
British Antarctic Territory
British Indian Ocean Territory
British Samoa
British Virgin Islands
Cayman Islands
Ceuta
Christmas Island
Cook Islands
Costa Rica
Falkland Islands
Gibraltar
Guadeloupe
Guam
Guyana
Malta
Martinique
Mayotte
Montserrat
New Caledonia
Northern Mariana Islands
Norwich
Pitcairn Islands
Saint Helena, Ascension and Tristan da Cunha
South Georgia and the South Sandwich Islands
Trinidad and Tobago
Turks and Caicos Islands
Zealand
 
Answer Stats
Answer % Correct
Bermuda
95%
British Virgin Islands
85%
British Antarctic Territory
81%
British Indian Ocean Territory
80%
Anguilla
76%
Cayman Islands
76%
Gibraltar
76%
Falkland Islands
73%
South Georgia and the South Sandwich Islands
67%
Saint Helena, Ascension and Tristan da Cunha
65%
Turks and Caicos Islands
63%
Pitcairn Islands
61%
Akrotiri and Dhekelia
59%
Montserrat
56%
No matching quizzes found
Score Distribution
Percent of People with Each Score
Percentile by Number Answered
Your Score History
You have not taken this quiz